The Pakistan-US conundrum : (Record no. 531947)
[ view plain ]
| 000 -LEADER | |
|---|---|
| fixed length control field | 01681cam a22002894a 4500 |
| 001 - CONTROL NUMBER | |
| control field | 16931957 |
| 005 - DATE AND TIME OF LATEST TRANSACTION | |
| control field | 20191104171225.0 |
| 008 - FIXED-LENGTH DATA ELEMENTS--GENERAL INFORMATION | |
| fixed length control field | 110823s2011 nyua b 001 0 eng |
| 010 ## - LIBRARY OF CONGRESS CONTROL NUMBER | |
| LC control number | 2011034731 |
| 020 ## - INTERNATIONAL STANDARD BOOK NUMBER | |
| International Standard Book Number | 9780231702829 (cloth : alk. paper) |
| 020 ## - INTERNATIONAL STANDARD BOOK NUMBER | |
| International Standard Book Number | 0231702825 (cloth : alk. paper) |
| 020 ## - INTERNATIONAL STANDARD BOOK NUMBER | |
| International Standard Book Number | 9780231800655 (ebk.) |
| 020 ## - INTERNATIONAL STANDARD BOOK NUMBER | |
| International Standard Book Number | 0231800657 (ebk.) |
| 040 ## - CATALOGING SOURCE | |
| Transcribing agency | DLC |
| 082 00 - DEWEY DECIMAL CLASSIFICATION NUMBER | |
| Classification number | 327.549 |
| Author Mark | SAM |
| 100 1# - MAIN ENTRY--PERSONAL NAME | |
| Personal name | Samad, Yunas, |
| Dates associated with a name | 1951- |
| 9 (RLIN) | 25134 |
| 245 14 - TITLE STATEMENT | |
| Title | The Pakistan-US conundrum : |
| Remainder of title | jihadists, the military and the people : the struggle for control / |
| Statement of responsibility, etc. | Yunas Samad. |
| 260 ## - PUBLICATION, DISTRIBUTION, ETC. | |
| Place of publication, distribution, etc. | New York : |
| Name of publisher, distributor, etc. | Columbia University Press, |
| Date of publication, distribution, etc. | c2011. |
| 300 ## - PHYSICAL DESCRIPTION | |
| Extent | xv, 336 p. : |
| Other physical details | ill. ; |
| Dimensions | 23 cm. |
| 504 ## - BIBLIOGRAPHY, ETC. NOTE | |
| Bibliography, etc. note | Includes bibliographical references and index. |
| 505 0# - FORMATTED CONTENTS NOTE | |
| Formatted contents note | Islam and the West -- Part 1: War on Terror. A monochromatic world view -- War on Terror and Pakistan : zeroes to heroes -- Operation Enduring Freedom -- Al Qaeda : a transnational social movement -- State building in Afghanistan : past and present -- Part 2: Revenge of history. The Afghan factor -- The Afghan jihad -- Islamisation : the mullah-military alliance -- Emergence of Islamic social movements -- Part 3: Cry for freedom and Pakistan. The struggle for control -- Authoritarian rule and the democratic facade -- Managing ethnic difference -- Cutting the Gordian Knot : the India-Pakistan peace process. |
| 651 #0 - SUBJECT ADDED ENTRY--GEOGRAPHIC NAME | |
| Geographic name | Pakistan |
| General subdivision | Politics and government. |
| 9 (RLIN) | 206 |
| 651 #0 - SUBJECT ADDED ENTRY--GEOGRAPHIC NAME | |
| Geographic name | Pakistan |
| General subdivision | Foreign relations |
| Geographic subdivision | United States. |
| 9 (RLIN) | 13001 |
| 651 #0 - SUBJECT ADDED ENTRY--GEOGRAPHIC NAME | |
| Geographic name | United States |
| General subdivision | Foreign relations |
| Geographic subdivision | Pakistan. |
| 9 (RLIN) | 13000 |
| 856 42 - ELECTRONIC LOCATION AND ACCESS | |
| Materials specified | Book review (H-Net) |
| Uniform Resource Identifier | <a href="http://www.h-net.org/reviews/showrev.php?id=37035">http://www.h-net.org/reviews/showrev.php?id=37035</a> |
| 942 ## - ADDED ENTRY ELEMENTS (KOHA) | |
| Source of classification or shelving scheme | |
| Koha item type | Book |
| Withdrawn status | Lost status | Source of classification or shelving scheme | Damaged status | Not for loan | Permanent Location | Current Location | Date acquired | Total Checkouts | Full call number | Barcode | Date last seen | Date last checked out | Price effective from | Koha item type |
|---|---|---|---|---|---|---|---|---|---|---|---|---|---|---|
| School of Civil and Environmental Engineering (SCEE) | School of Civil and Environmental Engineering (SCEE) | 11/04/2019 | 1 | 327.549 SAM | NIT-12605 | 09/30/2020 | 11/04/2019 | 11/04/2019 | Book |
